<?xml version="1.0" encoding="UTF-8"?>
<record
    xmlns:xsi="http://www.w3.org/2001/XMLSchema-instance"
    xsi:schemaLocation="http://www.loc.gov/MARC21/slim http://www.loc.gov/standards/marcxml/schema/MARC21slim.xsd"
    xmlns="http://www.loc.gov/MARC21/slim">

  <leader>02436nam a2200385uu 4500</leader>
  <controlfield tag="001">1200966</controlfield>
  <controlfield tag="005">20260508070033.0</controlfield>
  <controlfield tag="007">co|||||||</controlfield>
  <controlfield tag="008">100518s2009                        spa  </controlfield>
  <datafield tag="035" ind1=" " ind2=" ">
    <subfield code="a">1200966</subfield>
  </datafield>
  <datafield tag="040" ind1=" " ind2=" ">
    <subfield code="c">comduadb</subfield>
  </datafield>
  <datafield tag="041" ind1=" " ind2=" ">
    <subfield code="a">spa</subfield>
  </datafield>
  <datafield tag="080" ind1=" " ind2=" ">
    <subfield code="a">CA</subfield>
  </datafield>
  <datafield tag="100" ind1="1" ind2="0">
    <subfield code="a">Garcia Parra, Ana Marcela</subfield>
    <subfield code="4">aut</subfield>
    <subfield code="e">aut</subfield>
    <subfield code="9">599667</subfield>
  </datafield>
  <datafield tag="245" ind1="1" ind2="3">
    <subfield code="a">El puente est&#xE1; quebrado con que lo curaremos": escuela y familia llamados a reconstruirlo.</subfield>
  </datafield>
  <datafield tag="260" ind1=" " ind2=" ">
    <subfield code="a">Medell&#xED;n :</subfield>
    <subfield code="b">[sin publicador],</subfield>
    <subfield code="c">2009.</subfield>
  </datafield>
  <datafield tag="300" ind1=" " ind2=" ">
    <subfield code="a">1CD-ROM</subfield>
  </datafield>
  <datafield tag="520" ind1="3" ind2=" ">
    <subfield code="a">La propuesta investigativa consignada en el presente trabajo, fue desarrollada en el marco de la pr&#xE1;ctica profesional realizada por un grupo de maestras en formaci&#xF3;n de la Licenciatura en Pedagog&#xED;a Infantil de la Universidad de Antioquia, inquietas por conocer las relaciones que se establecen entre la escuela y la familia como un aspecto preocupante en el &#xE1;mbito educativo. La pregunta que direcciona esta investigaci&#xF3;n es: &#xBF;Qu&#xE9; tipo de relaciones se establecen entre las pr&#xE1;cticas de crianza de las familias en situaci&#xF3;n de vulnerabilidad y las pr&#xE1;cticas formativas de las instituciones educativas de car&#xE1;cter formal e informal? As&#xED;, en el an&#xE1;lisis elaborado se evidencia, desde las voces de los y las participantes, un distanciamiento entorno a la relaci&#xF3;n entre la escuela y la familia, lo que hemos denominado como un puente quebrado que necesita ser reparado a partir de estrategias pedag&#xF3;gicas que permitan "encuentros" de la familia y la escuela poniendo en di&#xE1;logo permanente los saberes propios de ambas instituciones educativas.</subfield>
  </datafield>
  <datafield tag="650" ind1=" " ind2="7">
    <subfield code="a">Educaci&#xF3;n de ni&#xF1;os</subfield>
    <subfield code="2">lemb</subfield>
    <subfield code="9">4711</subfield>
  </datafield>
  <datafield tag="650" ind1=" " ind2=" ">
    <subfield code="a">Relaci&#xF3;n familia-escuela</subfield>
    <subfield code="9">42545</subfield>
  </datafield>
  <datafield tag="650" ind1=" " ind2=" ">
    <subfield code="a">Relacion padres-maestros</subfield>
    <subfield code="9">56690</subfield>
  </datafield>
  <datafield tag="650" ind1=" " ind2="7">
    <subfield code="a">Crianza de ni&#xF1;os</subfield>
    <subfield code="2">lemb</subfield>
    <subfield code="9">50693</subfield>
  </datafield>
  <datafield tag="650" ind1=" " ind2=" ">
    <subfield code="a">Licenciatura en Educaci&#xF3;n</subfield>
    <subfield code="9">181088</subfield>
  </datafield>
  <datafield tag="650" ind1=" " ind2=" ">
    <subfield code="a">Pr&#xE1;cticas pedag&#xF3;gicas</subfield>
    <subfield code="9">128852</subfield>
  </datafield>
  <datafield tag="700" ind1="1" ind2="0">
    <subfield code="a">Lopera Arango, Diana Elizabeth</subfield>
    <subfield code="4">aut</subfield>
    <subfield code="e">aut</subfield>
    <subfield code="9">593741</subfield>
  </datafield>
  <datafield tag="700" ind1="1" ind2="0">
    <subfield code="a">Lopez Arcila, Gloria Elena</subfield>
    <subfield code="4">aut</subfield>
    <subfield code="e">aut</subfield>
    <subfield code="9">606955</subfield>
  </datafield>
  <datafield tag="700" ind1="1" ind2="0">
    <subfield code="a">Palacios Mosquera, Leidy Johanna</subfield>
    <subfield code="4">aut</subfield>
    <subfield code="e">aut</subfield>
    <subfield code="9">606956</subfield>
  </datafield>
  <datafield tag="700" ind1="1" ind2="0">
    <subfield code="a">Urrego Quintero, Fanny Patricia</subfield>
    <subfield code="4">aut</subfield>
    <subfield code="e">aut</subfield>
    <subfield code="9">607460</subfield>
  </datafield>
  <datafield tag="700" ind1="1" ind2="0">
    <subfield code="a">Giraldo Benjumea, Diana Patricia</subfield>
    <subfield code="4">ths</subfield>
    <subfield code="e">ths</subfield>
    <subfield code="9">599668</subfield>
  </datafield>
  <datafield tag="700" ind1=" " ind2="0">
    <subfield code="a">Estrada Escobar, Luis Fernando</subfield>
    <subfield code="c">Mag&#xED;ster en Educaci&#xF3;n</subfield>
    <subfield code="4">ths</subfield>
    <subfield code="e">ths</subfield>
    <subfield code="9">410059</subfield>
  </datafield>
  <datafield tag="856" ind1="4" ind2=" ">
    <subfield code="u">http://ayura.udea.edu.co:8080/jspui/handle/123456789/1065</subfield>
  </datafield>
  <datafield tag="942" ind1=" " ind2=" ">
    <subfield code="c">TESIS</subfield>
  </datafield>
  <datafield tag="999" ind1=" " ind2=" ">
    <subfield code="c">555676</subfield>
    <subfield code="d">555676</subfield>
  </datafield>
  <datafield tag="502" ind1=" " ind2=" ">
    <subfield code="b">146</subfield>
    <subfield code="c">15</subfield>
  </datafield>
  <datafield tag="526" ind1=" " ind2=" ">
    <subfield code="a">148</subfield>
  </datafield>
  <datafield tag="952" ind1=" " ind2=" ">
    <subfield code="0">0</subfield>
    <subfield code="1">0</subfield>
    <subfield code="4">0</subfield>
    <subfield code="7">0</subfield>
    <subfield code="8">TESDIG</subfield>
    <subfield code="a">CEDED</subfield>
    <subfield code="b">CEDED</subfield>
    <subfield code="d">2010-05-18</subfield>
    <subfield code="i">C1087413</subfield>
    <subfield code="l">0</subfield>
    <subfield code="o">CA/0349</subfield>
    <subfield code="p">0597735</subfield>
    <subfield code="r">2023-04-30 00:00:00</subfield>
    <subfield code="t">1</subfield>
    <subfield code="w">2023-04-30</subfield>
    <subfield code="y">DIGITAL</subfield>
  </datafield>
</record>
